Loading...
| Science - Physics | 0 | 6 | 0 | 1 | 60 | 20 | 57.50 | 1 | 5 | 0.00 | 0.00 |
| Science - Biology | 0 | 5 | 0 | 0 | 50 | 15 | 46.60 | 3 | 5 | 0.00 | 0.00 |
| Science - Chemistry | 0 | 5 | 1 | 0 | 45 | 45 | 60.60 | 2 | 5 | 0.00 | 0.00 |
| Science - Other | 0 | 3 | 0 | 1 | 30 | 74 | 80.33 | 0 | 3 | 0.00 | 0.00 |
| History - American | 0 | 2 | 0 | 0 | 20 | 43 | 67.50 | 1 | 2 | 0.00 | 0.00 |
| Philosophy | 0 | 1 | 0 | 0 | 10 | 93 | 93.00 | 0 | 1 | 0.00 | 0.00 |
| Fine Arts - Other | 0 | 1 | 0 | 0 | 10 | 10 | 10.00 | 1 | 1 | 0.00 | 0.00 |
| Literature - World | 0 | 1 | 0 | 0 | 10 | 97 | 97.00 | 0 | 1 | 0.00 | 0.00 |
| Fine Arts - Classical Music | 0 | 1 | 0 | 0 | 10 | 66 | 66.00 | 0 | 1 | 0.00 | 0.00 |
| Popular Culture | 0 | 1 | 0 | 0 | 10 | 60 | 60.00 | 0 | 1 | 0.00 | 0.00 |
| Literature - European | 0 | 0 | 1 | 0 | -5 | 0.00 | 0 | 0 | 0.00 | 0.00 | |
| History - Other | 0 | 0 | 1 | 0 | -5 | 0.00 | 0 | 0 | 0.00 | 0.00 |